|
|
|
|
| LEADER |
00000naa2a2200000 4500 |
| 001 |
426357 |
| 005 |
20231101074519.0 |
| 035 |
|
|
|a (RuTPU)RU\TPU\prd\85092
|
| 035 |
|
|
|a RU\TPU\prd\43496
|
| 090 |
|
|
|a 426357
|
| 100 |
|
|
|a 20100702a2006 k y0rusy50 ca
|
| 101 |
0 |
|
|a rus
|
| 102 |
|
|
|a RU
|
| 200 |
1 |
|
|a Вероятностный подход к установлению контрольных уровней выбросов и сбросов АЭС
|f А. Н. Берлизов, М. А. Григоренко, В. В. Тришин
|
| 225 |
1 |
|
|a Статьи
|
| 320 |
|
|
|a Библиогр.: 7 назв.
|
| 461 |
|
0 |
|0 (RuTPU)RU\TPU\prd\33
|x 0004-7163
|t Атомная энергия
|o теоретический и научно-технический журнал
|f Российская академия наук ; Министерство РФ по атомной энергии, ядерного общества
|d 1956-
|
| 463 |
|
0 |
|0 (RuTPU)RU\TPU\prd\85084
|t Т. 100, вып. 2
|v с. 135-146
|d 2006
|
| 610 |
1 |
|
|a статистические гипотезы
|
| 610 |
1 |
|
|a проверка
|
| 610 |
1 |
|
|a выбросы
|
| 610 |
1 |
|
|a сбросы
|
| 610 |
1 |
|
|a контрольные уровни
|
| 610 |
1 |
|
|a атомные электрические станции
|
| 610 |
1 |
|
|a энергоблоки
|
| 610 |
1 |
|
|a Хмельницкая АЭС
|
| 675 |
|
|
|a 621.039.58:519.25
|v 3
|
| 700 |
|
1 |
|a Берлизов
|b А. Н.
|
| 701 |
|
1 |
|a Григоренко
|b М. А.
|
| 701 |
|
1 |
|a Тришин
|b В. В.
|
| 801 |
|
1 |
|a RU
|b 63413507
|c 20060519
|g PSBO
|
| 801 |
|
2 |
|a RU
|b 63413507
|c 20100702
|g RCR
|
| 942 |
|
|
|c BK
|